000 04608 aa a2200457 4500
005 2012081707387.0
010 _aB-461199-218
020 _a9780143065319
_c250.00
035 _aB-461199-218
037 _bDBAD / PUB
037 _bVirtuous Pub/Ven
082 _a880.8
245 _aFirst proof:
_bthe penguin book of new writing from India 4/
246 _aNon-Fiction : Fiction
260 _aNew Delhi
_bPenguin Books India
_c2008
270 _a11, Community Centre, Panchsheel Park
_bNew Dehli
_e110 017
300 _a 101 + 105p.
_c22cm (pbk.)
500 _aThis is an artificial composite book & bounded 2 parts together (Fiction & Non-Fiction)
942 _adpl
_cEN
_2ddc
_h880.8
_mFIR
999 _c69114
_d69114